LIBRARY & INFORMATION CENTRE, KCAET, TAVANUR

ONLINE PUBLIC ACCESS CATALOGUE (OPAC)

Agricultural engineering in development: Guide lines for rebuilding,replacement parts and assemblies (Record no. 6943)

MARC details
000 -LEADER
fixed length control field 00433cam a2200145ua 4500
003 - CONTROL NUMBER IDENTIFIER
control field OSt
008 - FIXED-LENGTH DATA ELEMENTS--GENERAL INFORMATION
fixed length control field 260213b |||||||| |||| 00| 0 eng d
041 ## - LANGUAGE CODE
Language code of text/sound track or separate title eng
082 ## - DEWEY DECIMAL CLASSIFICATION NUMBER
Classification number 631.1
Item number FOO/AG
245 ## - TITLE STATEMENT
Title Agricultural engineering in development: Guide lines for rebuilding,replacement parts and assemblies
260 ## - PUBLICATION, DISTRIBUTION, ETC. (IMPRINT)
Place of publication UN (Rome) :
Name of publisher Food&agriculture organisation ,
Year of publication 1992.
300 ## - PHYSICAL DESCRIPTION
Number of Pages 106 ; .
942 ## - ADDED ENTRY ELEMENTS (KOHA)
Koha item type Books
Holdings
Withdrawn status Lost status Damaged status Home library Current library Date acquired Full call number Accession Number Koha item type
      KAUAET KAUAET 07/04/2012 631.1 19677 Reference
free website counter